| 000 | nam a22 a 4500 | ||
|---|---|---|---|
| 999 |
_c357 _d357 |
||
| 005 | 20170503144849.0 | ||
| 008 | 170503s2000 -uka || 001 ||eng d | ||
| 020 |
_a075130994X (pbk.) : _c £4.99 |
||
| 040 | _aAKMAL | ||
| 082 | 0 | 4 | _a004.678 COO |
| 090 |
_a004.678 _bCOO |
||
| 100 | 0 | 1 |
_a Cooper, Brian _9808 |
| 245 | 1 | 0 |
_aGetting connected _cBrian Cooper. |
| 260 |
_aLondon _bDorling Kindersley _c2000 |
||
| 300 |
_a72 p.: _bcol. ill. _c18 cm |
||
| 490 | 1 | _aEssential computers. Internet | |
| 500 | _aIncludes Index | ||
| 650 | 0 |
_aInternet _9788 |
|
| 650 | 0 |
_aInternet service providers _9809 |
|
| 830 | 0 |
_aEssential computers. _pInternet. _9807 |
|
| 852 | 4 | 1 |
_aBritish Library _bHMNTS |
| 942 |
_2ddc _cBOOK |
||